NFL Top 100 Players of 2015 - Statistics

General Stats
  • This quiz has been taken 105 times
  • The average score is 61 of 100
Answer Stats
Rank Team Position Answer % Correct
2. Packers QB Aaron Rodgers
100%
1. Texans DE J.J. Watt
99%
3. Patriots QB Tom Brady
99%
8. Steelers WR Antonio Brown
96%
6. Lions WR Calvin Johnson
96%
5. Broncos QB Peyton Manning
96%
7. Colts QB Andrew Luck
95%
13. Falcons WR Julio Jones
95%
10. Patriots TE Rob Gronkowski
95%
9. Seahawks RB Marshawn Lynch
93%
11. Seahawks CB Richard Sherman
92%
26. Steelers QB Ben Roethlisberger
89%
40. Eagles OT Jason Peters
89%
16. Steelers RB Le'Veon Bell
89%
14. Panthers LB Luke Kuechly
89%
22. Seahawks QB Russell Wilson
89%
62. Vikings RB Adrian Peterson
88%
30. Saints QB Drew Brees
88%
19. Cardinals CB Patrick Peterson
88%
36. Cowboys OT Tyron Smith
88%
54. Ravens WR Steve Smith
86%
34. Cowboys QB Tony Romo
86%
37. Bengals WR A.J. Green
85%
43. Chargers QB Philip Rivers
85%
33. Broncos LB Von Miller
85%
20. Broncos WR Demaryius Thomas
84%
15. Cowboys WR Dez Bryant
84%
21. Seahawks S Earl Thomas
84%
25. Browns OT Joe Thomas
84%
45. Broncos TE Julius Thomas
84%
32. Giants WR Odell Beckham Jr.
82%
41. Seahawks S Kam Chancellor
81%
24. Lions DT Ndamukong Suh
80%
28. Buccaneers DT Gerald McCoy
78%
29. Eagles RB LeSean McCoy
78%
92. Rams DT Aaron Donald
77%
52. Chargers TE Antonio Gates
76%
31. Saints TE Jimmy Graham
76%
72. Bills DT Kyle Williams
76%
42. Bills DE Mario Williams
76%
77. Falcons QB Matt Ryan
76%
47. Redskins OT Trent Williams
76%
12. Chiefs RB Jamaal Charles
74%
18. Packers WR Jordy Nelson
74%
75. Buccaneers WR Mike Evans
74%
97. Ravens QB Joe Flacco
73%
35. Colts WR T.Y. Hilton
73%
4. Cowboys RB DeMarco Murray
70%
68. Cardinals WR Larry Fitzgerald
70%
50. Redskins WR DeSean Jackson
68%
89. Panthers TE Greg Olsen
68%
73. Panthers QB Cam Newton
66%
17. Patriots CB Darrelle Revis
66%
51. Packers LB Clay Matthews
65%
91. Patriots WR Julian Edelman
65%
69. Seahawks LB Bobby Wagner
64%
93. Cowboys TE Jason Witten
64%
84. Ravens LB Terrell Suggs
61%
57. Bears WR Brandon Marshall
59%
60. Packers RB Eddie Lacy
58%
95. Broncos WR Emmanuel Sanders
57%
56. Buccaneers LB Lavonte David
57%
98. Colts K Adam Vinatieri
54%
80. Texans RB Arian Foster
53%
49. Raiders LB Khalil Mack
53%
48. Bears RB Matt Forte
51%
99. Cardinals DE Calais Campbell
47%
85. Lions WR Golden Tate
47%
23. Browns CB Joe Haden
47%
83. Steelers C Maurkice Pouncey
43%
27. Chiefs LB Justin Houston
42%
79. Ravens OG Marshal Yanda
41%
100. Packers WR Randall Cobb
41%
59. Colts CB Vontae Davis
39%
88. Lions S Glover Quin
36%
86. Chargers S Eric Weddle
34%
90. Seahawks DE Michael Bennett
34%
38. Dolphins CB Brent Grimes
32%
39. Dolphins DE Cameron Wake
31%
74. Jets DE Muhammed Wilkerson
31%
94. Ravens LB C.J. Mosley
30%
87. Broncos LB DeMarcus Ware
30%
61. Eagles WR Jeremy Maclin
30%
82. Ravens DT Haloti Ngata
28%
78. Redskins LB Ryan Kerrigan
28%
81. Eagles RB Darren Sproles
27%
44. Rams DE Robert Quinn
24%
70. Chiefs LB Tamba Hali
24%
64. Raiders S Charles Woodson
22%
96. Titans DE Jurrell Casey
22%
55. Jets DE Sheldon Richardson
20%
71. Packers LB Julius Peppers
19%
53. Bills DT Marcell Dareus
19%
65. Ravens RB Justin Forsett
16%
46. Ravens LB Elvis Dumervil
9%
63. Bills DE Jerry Hughes
9%
66. Lions LB DeAndre Levy
7%
76. Jaguars DT Sen'Derrick Marks
4%
67. Browns S Tashaun Gipson
4%
58. Eagles LB Connor Barwin
1%
No matching quizzes found
Score Distribution
Percent of People with Each Score
Percentile by Number Answered
Your Score History
You have not taken this quiz